000 00500nam a2200169 i 4500
001 41878
003 ES-MaACL
005 20230906160517.0
007 t|
008 030312s1950 sp ||||1| spa d
100 1 _aCasas, Augusto.
_936186
245 1 3 _aLa tierra del alma y otros cuentos /
_cAugusto Casas.
260 _aBarcelona :
_b[s.n.],
_c1950 (
_fTalls. Grafs. Agustín Núñez)
300 _a173 p. ;
_c17 cm.
852 _aES-MaACL
_jC-9348
_bR.36785
852 _aES-MaACL
_jD-5719
_bR.30056
999 _c41878
_d41878